Statistics for Top 20 Argentinian goal scorers in Champions League

Click here to take the quiz!

General Stats

  • This quiz has been taken 1,365 times
  • The average score is 10 of 20

Answer Stats

PositionPlayerGoalsFor which clubs% Correct
FWLionel Messi75Barcelona
100%
FWSergio Agüero19Atlético Madrid, Manchester City
95%
FWGonzalo Higuain13Real Madrid, Naples
82%
FWHernan Crespo25Parma, Lazio, Inter, Chelsea, AC Milan
82%
MDAngel Di Maria8Real Madrid
74%
FWGabriel Batistuta6Fiorentina, AS Roma
69%
FWDiego Milito9Inter
60%
MDJuan Sebastian Veron7Lazio, Manchester United
60%
FWCarlos Tevez9Manchester United, Juventus
58%
FWEzequiel Lavezzi9Naples, PSG
51%
FWJavier Saviola18Barcelona, Monaco, Malaga, Olympiakos
43%
FWLisandro Lopez19FC Porto, Lyon
43%
MDEsteban Cambiasso6Inter
42%
FWClaudio Lopez11Valence, Lazio
41%
MDDiego Simeone6Atlético Madrid, Inter, Lazio
33%
MDLucho Gonzalez18FC Porto, Marseille
27%
MDKily Gonzalez6Valence
24%
FWJulio Cruz19Feyenoord, Inter
20%
MDSantiago Solari7Real Madrid
14%
MDAlejandro Dominguez9Rubin Kazan, Valencia, Olympiakos
12%

Score Distribution

Percentile by Number Answered

Percent of People with Each Score

Your Score History

You have not taken this quiz